000 01761nam a22002657a 4500
999 _c22099
_d22099
003 AR-CdUCM
008 190425b ||||| |||| 00| 0 spa d
040 _aMUNICIPALIDAD PROVINCIAL DEL CUSCO
_cBIBLIOTECA MUNICIPAL DEL CUSCO
082 _aParlante/N°108/2011
110 _aCentro Guamán Poma de Ayala
_920511
245 _aParlante :
_bRevista del Cusco /
260 _aCusco :
_bCentro de Educación y Comunicación Guamán Poma de Ayala,
_c2011.
300 _a36 páginas. :
_bilustraciones ;
_c30 cm.
440 _aParlante revista del Cusco.
_nAño 26, N°108, julio 2011.
_947443
505 _aContenido: Equidad y empoderamiento claves para las políticas de desarrollo humano en América Latina. Alfonso Dubois. -- Lecciones de las elecciones. Luis Nieto Degregori. -- Racismo en el Facebook, tengo el orgullo de ser peruano. Jorge Vargas Prado. -- Hacemos de la cocina un orgullo, un sabroso operativo con el chef peruano Gastón Acurio. Cesar Venero. -- El Cusco y sus peligros. Eliana Ricalde. -- Casas propia en el Centro Histórico no es un sueño, una realidad. Carlos Salas. -- Asociaciones de consumidores. Juan Galiano. -- La biodiversidad en riesgo. Juan Gil Mora. -- Salud en el Perú mirando a los vecinos. Abel Laurent. -- Seguridad alimentaria hacia donde vamos. -Juan Galiano. -- Centenario del descubrimiento de Machupicchu, el hombre dónde estuvo. Luis Nieto Degregori.
650 _aActualidad y política
_947410
650 _aCentro Histórico Cusco
_946767
650 _aEducación, cultura y deportes
_947422
650 _aMedio ambiente
_947423
700 _aVenero Torres, César
_947439
700 _aNieto Degregori, Luis
_96534
710 _aCentro Guamán Poma de Ayala
_920511
942 _2ddc
_cPP
945 _avhl